000 00681nam a22002657a 4500
001 BR9702862
003 BR-BrBNA
005 20230928095358.0
007 ta
008 230509b bl.||||| |||| 00| 0 por d
040 _aBR-BrBNA
_bpor
_cBiblioteca Nacional de Agricultura
041 _a(Por)
072 _aF04
_b3801
090 _ 3801 BR9702862
100 1 _aLeite, J.P.
245 1 _aTabelas de conversao de fertilizantes
250 1 _a2. ed.
260 3 _aSao Paulo, SP (Brasil):
_bNobel S.A.,
_c1976.
300 _a184 p.
500 _a48 ref.; 135 tables
650 _aFertilizante
650 _aAdubacao
909 _a202309
_bLucia
_c55
_dLucia Elande
942 _cBK
999 _c56214
_d56214